[Event "Thessaloniki Novidis op 8th"]
[Site "Thessaloniki"]
[Date "2019.06.20"]
[Round "7"]
[White "Samakas, Anastasios"]
[Black "Romanos, Theodoros"]
[Result "1-0"]
[WhiteElo "1984"]
[BlackElo "2110"]
[PlyCount "121"]
[EventDate "2019.06.14"]
[EventType "swiss"]
[EventRounds "7"]
[EventCountry "GRE"]
[SourceTitle "EXT 2020"]
[Source "ChessBase"]
[SourceDate "2019.10.17"]
[SourceVersion "1"]
[SourceVersionDate "2019.10.17"]
[SourceQuality "1"]

1. d4 d5 2. Nf3 Nf6 3. g3 e6 4. Bg2 b5 5. a4 b4 6. 0-0 Be7 7. Nbd2 0-0 8. Ne5 c5 9. c3 Qc7 10. Ndf3 Na6 11. Bf4 Nh5 12. Ng6 Nxf4 13. Nxe7+ Qxe7 14. gxf4 bxc3 15. bxc3 cxd4 16. cxd4 Nb4 17. a5 Ba6 18. Qd2 Rab8 19. Rab1 Rfc8 20. Rb2 Nc6 21. Rxb8 Rxb8 22. Rc1 Bc4 23. Ne5 Nxe5 24. dxe5 g6 25. e3 Qa3 26. Bf1 Rb2 27. Qd4 Ra2 28. Rc3 Qb2 29. e4 Bxf1 30. Rc8+ Kg7 31. Qxb2 Rxb2 32. Kxf1 Rb5 33. a6 Rb6 34. exd5 exd5 35. Ke2 Rxa6 36. Rc5 d4 37. Rd5 Ra4 38. Rd7 Kf8 39. h4 h5 40. Kd3 Ra1 41. Ke4 Ra4 42. Kd3 a5 43. Ra7 Ra1 44. Kxd4 a4 45. Ke4 a3 46. f5 a2 47. Ra8+ Ke7 48. Ra7+ Ke8 49. Ra8+ Kd7 50. Ra7+ Kc6 51. Kf4 Rg1 52. fxg6 fxg6 53. Rxa2 Rg4+ 54. Ke3 Kd5 55. Ra5+ Ke6 56. f4 Kf5 57. Ra6 Rg3+ 58. Kd4 Rb3 59. Rf6+ Kg4 60. e6 Rb1 61. Ke5 1-0

[Event "Thessaloniki/Chalkidiki-chT"]
[Site "Thessaloniki/Chalkidiki"]
[Date "2019.01.27"]
[Round "3.4"]
[White "Tsouchnikas, Georgios"]
[Black "Samakas, Anastasios"]
[Result "0-1"]
[WhiteElo "1247"]
[BlackElo "2009"]
[PlyCount "118"]
[EventDate "2019.01.13"]
[EventType "team-tourn"]
[EventRounds "9"]
[EventCountry "GRE"]
[SourceTitle "EXT 2020"]
[Source "ChessBase"]
[SourceDate "2019.10.17"]
[SourceVersion "1"]
[SourceVersionDate "2019.10.17"]
[SourceQuality "1"]
[WhiteTeam "Kalamarias Han"]
[BlackTeam "Polichnis"]
[WhiteTeamCountry "GRE"]
[BlackTeamCountry "GRE"]

1. c4 Nf6 2. Nc3 g6 3. g3 Bg7 4. Bg2 h5 5. h4 d6 6. d4 Nbd7 7. Nf3 c5 8. 0-0 0-0 9. Re1 Ng4 10. e3 e5 11. dxc5 Nxc5 12. b4 e4 13. Nd4 Nd3 14. Re2 f5 15. f3 exf3 16. Bxf3 Nde5 17. Bb2 g5 18. Bxg4 fxg4 19. Rh2 Nf3+ 20. Nxf3 Rxf3 21. Qd5+ Kf8 22. Rf1 gxh4 23. Rxf3+ gxf3 24. Qxf3+ Qf6 25. Qxf6+ Bxf6 26. gxh4 Be6 27. Nd5 Bxd5 28. cxd5 Bxb2 29. Rxb2 Re8 30. Rf2+ Kg7 31. Rg2+ Kf6 32. Kf2 Re4 33. a3 Rxh4 34. Kf3 Rc4 35. Rd2 h4 36. Rh2 Ke5 37. Rd2 h3 38. Rh2 Kxd5 39. Rxh3 Rc3 40. a4 Rc4 41. Rh5+ Kc6 42. b5+ Kb6 43. Rd5 Rxa4 44. Rxd6+ Kxb5 45. e4 Ra1 46. e5 Re1 47. Kf4 a5 48. Kf5 Kc5 49. Rd7 b5 50. e6 b4 51. Kf6 a4 52. e7 b3 53. Rd8 b2 54. Rc8+ Kd4 55. Rd8+ Kc3 56. Rc8+ Kd2 57. Rd8+ Kc2 58. Rc8+ Kb3 59. Rb8+ Ka2 0-1

[Event "Thessaloniki/Chalkidiki-chT"]
[Site "Thessaloniki/Chalkidiki"]
[Date "2019.01.20"]
[Round "2.4"]
[White "Samakas, Anastasios"]
[Black "Konstantinidis, Konstantinos"]
[Result "0-1"]
[WhiteElo "2009"]
[BlackElo "2056"]
[PlyCount "96"]
[EventDate "2019.01.13"]
[EventType "team-tourn"]
[EventRounds "9"]
[EventCountry "GRE"]
[SourceTitle "EXT 2020"]
[Source "ChessBase"]
[SourceDate "2019.10.17"]
[SourceVersion "1"]
[SourceVersionDate "2019.10.17"]
[SourceQuality "1"]
[WhiteTeam "Polichnis"]
[BlackTeam "Thessaloniki Aris"]
[WhiteTeamCountry "GRE"]
[BlackTeamCountry "GRE"]

1. d4 Nf6 2. c4 e6 3. Nf3 Bb4+ 4. Bd2 Qe7 5. a3 Bxd2+ 6. Nbxd2 d6 7. e4 e5 8. d5 c5 9. g3 0-0 10. Bg2 Ne8 11. 0-0 g6 12. Nh4 Ng7 13. Qc2 f5 14. exf5 g5 15. f6 Rxf6 16. Nhf3 Bf5 17. Qb3 h6 18. Rae1 b6 19. Ne4 Rf7 20. Qc3 Nd7 21. Nfd2 Raf8 22. Qe3 Bg6 23. b4 Nf5 24. Qc3 Nd4 25. bxc5 bxc5 26. f3 Bh5 27. Re3 Nb6 28. g4 Bg6 29. Qc1 Rf4 30. Ng3 Qd7 31. Rf2 Qa4 32. Ne2 Nxe2+ 33. Rfxe2 Nxc4 34. Nxc4 Qxc4 35. Qxc4 Rxc4 36. Rb3 Ra4 37. Kf2 c4 38. Rc3 Rb8 39. Bf1 Rb3 40. Rc1 c3 41. Re3 Raxa3 42. Bc4 Rb2+ 43. Kg1 Rb1 44. Rxb1 Bxb1 45. Re1 Bg6 46. Kf2 c2 47. Rc1 Ra4 48. Be2 Rb4 0-1

[Event "Thessaloniki Triandria op 10th"]
[Site "Thessaloniki"]
[Date "2017.04.17"]
[Round "1"]
[White "Samakas, Anastasios"]
[Black "Georgakopoulos, Nikolaos"]
[Result "1/2-1/2"]
[WhiteElo "1773"]
[BlackElo "2350"]
[PlyCount "114"]
[EventDate "2017.04.17"]
[EventType "swiss"]
[EventRounds "9"]
[EventCountry "GRE"]
[SourceTitle "CBM 178 Extra"]
[Source "ChessBase"]
[SourceDate "2017.06.22"]
[SourceVersion "1"]
[SourceVersionDate "2017.06.22"]
[SourceQuality "1"]

1. d4 Nf6 2. Nf3 g6 3. Bf4 Bg7 4. e3 d6 5. Be2 0-0 6. 0-0 c5 7. c3 Nc6 8. h3 cxd4 9. exd4 Nd5 10. Bh2 e5 11. Na3 exd4 12. cxd4 Qf6 13. Nb5 Nf4 14. Bxf4 Qxf4 15. Re1 d5 16. Qc1 Qb8 17. Qc5 Rd8 18. Rad1 Bf8 19. Qc1 a6 20. Nc3 Be6 21. Qe3 Qa7 22. Ne5 Nxe5 23. Qxe5 Rac8 24. Bf3 Bg7 25. Qe3 Rc4 26. Qg5 Qb6 27. Bxd5 Bxd5 28. Nxd5 Qd6 29. Nc3 h6 30. Qe7 Qxe7 31. Rxe7 b5 32. Ne2 Rc2 33. Rb1 Kf8 34. Re4 f5 35. Re3 Bxd4 36. Nxd4 Rxd4 37. Re6 Kf7 38. Rxa6 Rdd2 39. Rf1 Rxb2 40. a3 h5 41. Rc1 Rbc2 42. Rxc2 Rxc2 43. Rb6 Rb2 44. a4 b4 45. a5 b3 46. a6 Ra2 47. Rxb3 Rxa6 48. Rb2 Kf6 49. Kh2 h4 50. g3 hxg3+ 51. Kxg3 Ra3+ 52. Kg2 Kg5 53. Rb6 Kh5 54. Rb8 f4 55. Rb4 g5 56. Rb6 Ra8 57. Kf3 Ra3+ 1/2-1/2

[Event "Heraklion Gazi op 12th"]
[Site "Malevizi"]
[Date "2016.08.05"]
[Round "9"]
[White "Samakas, Anastasios"]
[Black "Papageorgiou, Ioannis2222"]
[Result "0-1"]
[WhiteElo "1765"]
[BlackElo "1959"]
[PlyCount "100"]
[EventDate "2016.07.28"]
[EventType "swiss"]
[EventRounds "9"]
[EventCountry "GRE"]
[SourceTitle "CBM 173 Extra"]
[Source "ChessBase"]
[SourceDate "2016.08.29"]
[SourceVersion "1"]
[SourceVersionDate "2016.08.29"]
[SourceQuality "1"]

1. d4 Nf6 2. c4 c5 3. d5 b5 4. cxb5 a6 5. b6 g6 6. Nc3 d6 7. e4 Nbd7 8. Nf3 Bg7 9. h3 0-0 10. Be2 a5 11. 0-0 a4 12. Qc2 Nxb6 13. Nd2 Ba6 14. Bxa6 Rxa6 15. Qd3 Qa8 16. Nb5 Ra5 17. Na3 Nfd7 18. Ndc4 Ne5 19. Nxe5 Bxe5 20. Bd2 Ra7 21. Bc3 Bg7 22. Bxg7 Kxg7 23. Rfc1 Rb8 24. Rab1 Kg8 25. f4 Nd7 26. Nc4 Rb4 27. e5 Nb6 28. Nxb6 Rxb6 29. f5 dxe5 30. Rxc5 Ra5 31. Qc3 Rxc5 32. Qxc5 Rd6 33. fxg6 hxg6 34. Rd1 Qd8 35. Kh2 e6 36. Qc3 Rxd5 37. Re1 Qd6 38. Rf1 Rd4 39. Qe3 e4+ 40. Kg1 Qd5 41. Rf4 Rd1+ 42. Kh2 Qd6 43. h4 Rf1 44. g3 Rxf4 45. gxf4 Qd3 46. Qb6 Qe2+ 47. Kg1 Qg4+ 48. Kf2 Qxf4+ 49. Ke2 Qf3+ 50. Kd2 Qd3+ 0-1

[Event "Heraklion Gazi op 12th"]
[Site "Malevizi"]
[Date "2016.07.30"]
[Round "3"]
[White "Samakas, Anastasios"]
[Black "Kadianis, Georgios"]
[Result "0-1"]
[WhiteElo "1765"]
[BlackElo "2040"]
[PlyCount "124"]
[EventDate "2016.07.28"]
[EventType "swiss"]
[EventRounds "9"]
[EventCountry "GRE"]
[SourceTitle "CBM 173 Extra"]
[Source "ChessBase"]
[SourceDate "2016.08.29"]
[SourceVersion "1"]
[SourceVersionDate "2016.08.29"]
[SourceQuality "1"]

1. e4 e5 2. Nf3 Nc6 3. Bb5 a6 4. Ba4 Nf6 5. d3 d6 6. 0-0 g6 7. c3 Bg7 8. Nbd2 0-0 9. Re1 b5 10. Bc2 Re8 11. d4 exd4 12. Nxd4 Bb7 13. a4 Nxd4 14. cxd4 b4 15. Qe2 c5 16. dxc5 dxc5 17. Qc4 Bd5 18. Qd3 Qc7 19. Bb3 Bb7 20. f3 Nh5 21. Nc4 Bd4+ 22. Kh1 Rad8 23. Qe2 Kh8 24. Bg5 f6 25. Be3 Nf4 26. Bxf4 Qxf4 27. Na5 Be5 28. g3 Qh6 29. Qe3 Qxe3 30. Rxe3 Bxb2 31. Nxb7 Bxa1 32. Nxd8 Rxd8 33. Bd5 a5 34. Kg2 Kg7 35. Rd3 Bd4 36. Bc4 Re8 37. h3 h5 38. Bd5 Kf8 39. f4 Ke7 40. Kf3 g5 41. Bc4 Rh8 42. Bd5 Kd6 43. Bc4 Rh7 44. e5+ fxe5 45. fxg5 h4 46. Ke4 hxg3 47. Rxg3 Rh4+ 48. Kd3 e4+ 49. Ke2 Bg7 50. Ke3 Ke5 51. Bb3 Rh8 52. Bc4 Rd8 53. Rg2 Kf5 54. h4 Rd4 55. Rf2+ Ke5 56. Rc2 b3 57. Rc3 b2 58. Ba2 Rxa4 59. Bb1 Ra1 60. Bxe4 Re1+ 61. Kf3 Rxe4 62. Rxc5+ Kd6 0-1

[Event "GRE-chT 44th"]
[Site "Achaia"]
[Date "2016.07.10"]
[Round "7.8"]
[White "Samakas, Anastasios"]
[Black "Serpetsidakis, Nikolaos"]
[Result "1/2-1/2"]
[WhiteElo "1765"]
[BlackElo "1983"]
[PlyCount "89"]
[EventDate "2016.07.05"]
[EventType "team-swiss"]
[EventRounds "7"]
[EventCountry "GRE"]
[SourceTitle "CBM 173 Extra"]
[Source "ChessBase"]
[SourceDate "2016.08.29"]
[SourceVersion "1"]
[SourceVersionDate "2016.08.29"]
[SourceQuality "1"]
[WhiteTeam "Heraklion CN"]
[BlackTeam "OFI"]
[WhiteTeamCountry "GRE"]
[BlackTeamCountry "GRE"]

1. e4 c5 2. b3 Nc6 3. Bb2 e6 4. f4 d5 5. e5 Nge7 6. Bb5 Qb6 7. Bxc6+ Nxc6 8. Nf3 c4 9. Nc3 a6 10. Rb1 cxb3 11. axb3 Be7 12. d4 0-0 13. 0-0 Bd7 14. Na4 Qa7 15. Kh1 f6 16. Qd2 fxe5 17. Nxe5 Nxe5 18. dxe5 Bxa4 19. bxa4 Bc5 20. f5 b6 21. fxe6 Qb7 22. Qd3 Qc6 23. Rxf8+ Rxf8 24. Rf1 Rxf1+ 25. Qxf1 Qxe6 26. Qxa6 Kf7 27. Qf1+ Kg6 28. Qd3+ Qf5 29. Qg3+ Kf7 30. Qf3 Ke6 31. Qe2 d4 32. h4 Qxe5 33. Qg4+ Kd6 34. Qh3 Qe1+ 35. Kh2 d3 36. Qxd3+ Kc6 37. Qb5+ Kc7 38. Qc4 Qg1+ 39. Kg3 Qf2+ 40. Kh2 Qg1+ 41. Kh3 Qh1+ 42. Kg3 Qe1+ 43. Kg4 Qd1+ 44. Kf4 Qd2+ 45. Kg3 1/2-1/2

[Event "GRE-ch U16"]
[Site "Porto Rio"]
[Date "2016.07.02"]
[Round "7"]
[White "Samakas, Anastasios"]
[Black "Nikolaidis, Athanasios"]
[Result "1-0"]
[WhiteElo "1785"]
[BlackElo "1616"]
[PlyCount "123"]
[EventDate "2016.06.28"]
[EventType "swiss"]
[EventRounds "9"]
[EventCountry "GRE"]
[SourceTitle "CBM 173 Extra"]
[Source "ChessBase"]
[SourceDate "2016.08.29"]
[SourceVersion "1"]
[SourceVersionDate "2016.08.29"]
[SourceQuality "1"]

1. d4 Nf6 2. Nf3 e6 3. g3 d5 4. Bg2 Be7 5. 0-0 0-0 6. c4 b6 7. Nc3 Bb7 8. Ne5 Nbd7 9. Qa4 Nxe5 10. dxe5 Ne8 11. cxd5 exd5 12. Rd1 c6 13. e4 Nc7 14. exd5 cxd5 15. Qb3 Re8 16. Nxd5 Nxd5 17. Bxd5 Bxd5 18. Rxd5 Qc8 19. Be3 Bf8 20. f4 Qf5 21. Qd3 Qxd3 22. Rxd3 g5 23. Kf2 gxf4 24. gxf4 Bc5 25. Bxc5 bxc5 26. Rc1 Rab8 27. b3 Rec8 28. Rdc3 Rd8 29. Ke3 f6 30. Rxc5 fxe5 31. fxe5 Kf7 32. Rf1+ Kg6 33. Rf6+ Kg5 34. Rf7 a6 35. Rxh7 Rh8 36. Rxh8 Rxh8 37. Ra5 Kf5 38. Kd4 Rxh2 39. Rxa6 Rd2+ 40. Kc3 Rd8 41. e6 Rc8+ 42. Kd4 Kf6 43. b4 Ke7 44. Ke5 Rb8 45. Ra7+ Ke8 46. Kd6 Rb6+ 47. Kc5 Rxe6 48. a4 Kd8 49. b5 Kc8 50. a5 Rh6 51. Rg7 Kb8 52. Rg8+ Kb7 53. a6+ Ka7 54. Rg7+ Ka8 55. b6 Rh5+ 56. Kc6 Rh8 57. Rd7 Kb8 58. b7 Rg8 59. Rd6 Ka7 60. Kc7 Rh8 61. Rd8 Rh7+ 62. Kc8 1-0

[Event "GRE-ch U16"]
[Site "Porto Rio"]
[Date "2016.06.29"]
[Round "2"]
[White "Samakas, Anastasios"]
[Black "Kyriakakis, Panagiotis"]
[Result "1-0"]
[WhiteElo "1785"]
[BlackElo "1428"]
[PlyCount "69"]
[EventDate "2016.06.28"]
[EventType "swiss"]
[EventRounds "9"]
[EventCountry "GRE"]
[SourceTitle "CBM 173 Extra"]
[Source "ChessBase"]
[SourceDate "2016.08.29"]
[SourceVersion "1"]
[SourceVersionDate "2016.08.29"]
[SourceQuality "1"]

1. e4 c5 2. Nf3 d6 3. d4 cxd4 4. Nxd4 Nf6 5. Nc3 a6 6. Be2 Nbd7 7. Be3 Qc7 8. g4 h6 9. f4 Nc5 10. Bf3 Rb8 11. h4 b5 12. Nd5 Qa5+ 13. Bd2 Qd8 14. Nc6 Qd7 15. Nxb8 Qb7 16. Nxf6+ gxf6 17. e5 Qxb8 18. exf6 e6 19. Bc6+ Nd7 20. Qf3 d5 21. 0-0-0 Qb6 22. Bxd7+ Bxd7 23. Rhe1 Bc6 24. f5 d4 25. Qb3 Bd7 26. Bb4 a5 27. Bxf8 Kxf8 28. Qf3 Kg8 29. fxe6 Bxe6 30. Qa8+ Kh7 31. Qe4+ Kg8 32. Qxd4 Qb7 33. h5 Qf3 34. Rxe6 fxe6 35. Qd8+ 1-0

[Event "GRE-ch U14"]
[Site "Greece"]
[Date "2014.07.10"]
[Round "9"]
[White "Ontabasidis, Aristidis"]
[Black "Samakas, Anastasios"]
[Result "1/2-1/2"]
[WhiteElo "1586"]
[BlackElo "1530"]
[PlyCount "94"]
[EventDate "2014.07.04"]
[EventType "swiss"]
[EventRounds "9"]
[EventCountry "GRE"]
[SourceTitle "EXT 2017"]
[Source "ChessBase"]
[SourceDate "2016.10.25"]
[SourceVersion "1"]
[SourceVersionDate "2016.10.25"]
[SourceQuality "1"]

1. e4 Nf6 2. e5 Nd5 3. d4 d6 4. c4 Nb6 5. exd6 cxd6 6. Nc3 Nc6 7. Be3 g6 8. Be2 Bg7 9. Qd2 0-0 10. f4 e6 11. Nf3 Qe7 12. 0-0 Nd7 13. d5 Nd8 14. dxe6 fxe6 15. Rad1 Bxc3 16. Qxc3 Nf7 17. Rd2 b6 18. Rfd1 Bb7 19. Nd4 Nc5 20. Qc1 Ne4 21. Rc2 Rfe8 22. Bf3 e5 23. Ne2 Rac8 24. b3 exf4 25. Bxf4 Ne5 26. Bxe5 Qxe5 27. Rd3 Nc5 28. Rdc3 Ne4 29. Rd3 Qc5+ 30. Qe3 Qa5 31. Qc1 Qe5 32. Qb2 Nc5 33. Qxe5 dxe5 34. Bxb7 Nxd3 35. Bxc8 Rxc8 36. Nc3 Rf8 37. Re2 Re8 38. Re3 Nf4 39. g3 Nh5 40. Kg2 Kg7 41. Ne4 Nf6 42. Kf3 h6 43. Nxf6 Kxf6 44. Ke4 Ke6 45. b4 Rc8 46. Rc3 Rd8 47. Rd3 Rc8 1/2-1/2

[Event "GRE-ch U14"]
[Site "Greece"]
[Date "2014.07.08"]
[Round "7"]
[White "Samakas, Anastasios"]
[Black "Argyropoulos, Theodoros"]
[Result "1-0"]
[WhiteElo "1530"]
[BlackElo "1375"]
[PlyCount "101"]
[EventDate "2014.07.04"]
[EventType "swiss"]
[EventRounds "9"]
[EventCountry "GRE"]
[SourceTitle "EXT 2017"]
[Source "ChessBase"]
[SourceDate "2016.10.25"]
[SourceVersion "1"]
[SourceVersionDate "2016.10.25"]
[SourceQuality "1"]

1. e4 c5 2. Nf3 g6 3. d4 cxd4 4. Nxd4 Nc6 5. Nxc6 bxc6 6. Qd4 Nf6 7. e5 Ng8 8. Bc4 Bg7 9. Nc3 e6 10. Ne4 Ne7 11. Nd6+ Kf8 12. Bg5 Qa5+ 13. c3 Qxe5+ 14. Qxe5 Bxe5 15. 0-0-0 Nd5 16. Ne4 Nf4 17. Bh6+ Ke8 18. Bf1 d5 19. Nc5 Bd6 20. Nb3 c5 21. Kb1 Nh5 22. g4 Nf6 23. Bg7 Nxg4 24. Bxh8 Nxf2 25. Bg2 Nxh1 26. Bxh1 c4 27. Nd2 Bxh2 28. Nxc4 Ke7 29. Be5 Bxe5 30. Nxe5 Bb7 31. c4 Rd8 32. c5 Rc8 33. Rc1 Bc6 34. Nxc6+ Rxc6 35. b4 Kd7 36. Kb2 h5 37. Bf3 Rc8 38. Kc3 h4 39. Kd4 Kc6 40. a4 a5 41. b5+ Kc7 42. Ke5 f6+ 43. Kxe6 Re8+ 44. Kxd5 f5 45. b6+ Kc8 46. c6 g5 47. Rc2 g4 48. Be2 h3 49. Ba6+ Kb8 50. c7+ Ka8 51. c8Q+ 1-0

[Event "GRE-ch U14"]
[Site "Greece"]
[Date "2014.07.07"]
[Round "6"]
[White "Petrakis, Stylianos"]
[Black "Samakas, Anastasios"]
[Result "1-0"]
[WhiteElo "1583"]
[BlackElo "1530"]
[PlyCount "57"]
[EventDate "2014.07.04"]
[EventType "swiss"]
[EventRounds "9"]
[EventCountry "GRE"]
[SourceTitle "EXT 2017"]
[Source "ChessBase"]
[SourceDate "2016.10.25"]
[SourceVersion "1"]
[SourceVersionDate "2016.10.25"]
[SourceQuality "1"]

1. e4 c5 2. Nf3 e6 3. d4 cxd4 4. Nxd4 Nf6 5. Nc3 a6 6. e5 Ng8 7. Be3 Qc7 8. f4 Bb4 9. Qd3 Ne7 10. Bd2 Nbc6 11. Nxc6 bxc6 12. Ne4 Bxd2+ 13. Qxd2 0-0 14. Nd6 f6 15. exf6 Rxf6 16. Ne8 Qxf4 17. Nxf6+ Qxf6 18. c3 Nf5 19. Bd3 Nh4 20. Qf2 Qe5+ 21. Be2 Qe4 22. 0-0 h6 23. Rad1 Ng6 24. Bd3 Qg4 25. h3 Qg5 26. Qf7+ Kh7 27. Rf4 h5 28. h4 Qg3 29. Rf6 1-0

[Event "GRE-ch U14"]
[Site "Greece"]
[Date "2014.07.04"]
[Round "1"]
[White "Apostolakakis, Konstantinos"]
[Black "Samakas, Anastasios"]
[Result "1-0"]
[WhiteElo "1857"]
[BlackElo "1530"]
[PlyCount "60"]
[EventDate "2014.07.04"]
[EventType "swiss"]
[EventRounds "9"]
[EventCountry "GRE"]
[SourceTitle "EXT 2017"]
[Source "ChessBase"]
[SourceDate "2016.10.25"]
[SourceVersion "1"]
[SourceVersionDate "2016.10.25"]
[SourceQuality "1"]

1. e4 d5 2. exd5 Nf6 3. d4 Nxd5 4. c4 Nb6 5. Nc3 c6 6. Nf3 Bg4 7. Be3 e6 8. h3 Bh5 9. g4 Bg6 10. Bd3 Be7 11. Bxg6 hxg6 12. Qd3 N8d7 13. 0-0-0 Qc7 14. Kb1 0-0-0 15. Qe2 Nf6 16. Ne5 Rhf8 17. Bf4 Rg8 18. Nxg6 Qd7 19. Nxe7+ Qxe7 20. Qe5 Kd7 21. g5 Nh5 22. d5 cxd5 23. cxd5 Ke8 24. dxe6 Qxe6 25. Qb5+ Ke7 26. Rde1 Nxf4 27. Rxe6+ Nxe6 28. Re1 Rd2 29. g6 fxg6 30. Qg5+ Ke8 1-0

[Event "GRE-ch U14"]
[Site "Patras"]
[Date "2013.07.11"]
[Round "6.8"]
[White "Danis, Hrisovalantis"]
[Black "Samakas, Anastasios"]
[Result "1-0"]
[WhiteElo "1709"]
[BlackElo "1534"]
[PlyCount "53"]
[EventDate "2013.07.08"]
[EventType "swiss"]
[EventRounds "9"]
[EventCountry "GRE"]
[SourceTitle "EXT 2024"]
[Source "ChessBase"]
[SourceDate "2023.10.10"]
[SourceVersion "1"]
[SourceVersionDate "2023.10.10"]
[SourceQuality "1"]

1. Nf3 Nf6 2. c4 c5 3. Nc3 Nc6 4. d4 cxd4 5. Nxd4 e6 6. e4 Bb4 7. f3 Qb6 8. Be3 0-0 9. a3 Bxc3+ 10. bxc3 Qa5 11. Qd2 d5 12. Nxc6 bxc6 13. cxd5 exd5 14. e5 Nd7 15. f4 Rb8 16. Qc2 c5 17. Bd3 h6 18. 0-0 c4 19. Be2 Rb3 20. Bd4 Rxa3 21. Rxa3 Qxa3 22. f5 Qa6 23. Qd2 Kh7 24. Rf3 Re8 25. Qf4 Qa3 26. Rg3 Qe7 27. Rxg7+ 1-0

[Event "GRE-chT U16"]
[Site "Patras"]
[Date "2012.12.16"]
[Round "4.3"]
[White "Drakoulakos, Grigorios"]
[Black "Samakas, Anastasios"]
[Result "1-0"]
[WhiteElo "1829"]
[BlackElo "1475"]
[PlyCount "127"]
[EventDate "2012.12.15"]
[EventType "team"]
[EventRounds "5"]
[EventCountry "GRE"]
[SourceTitle "EXT 2020"]
[Source "ChessBase"]
[SourceDate "2019.10.17"]
[SourceVersion "1"]
[SourceVersionDate "2019.10.17"]
[SourceQuality "1"]

1. d4 Nf6 2. c4 e6 3. Nc3 Bb4 4. f3 d5 5. a3 Be7 6. e4 dxe4 7. fxe4 e5 8. d5 Bc5 9. Nf3 Bg4 10. Be2 Nbd7 11. Ng5 Bxe2 12. Qxe2 h6 13. Nf3 0-0 14. Be3 Bxe3 15. Qxe3 Nh5 16. 0-0 Qe7 17. Rfd1 a6 18. b4 b6 19. Rac1 Nf4 20. Qd2 Qd6 21. Nh4 Qf6 22. Nf5 Qg5 23. d6 c6 24. Ne7+ Kh8 25. Nxc6 Rfc8 26. b5 axb5 27. cxb5 Rxa3 28. Kh1 Qg4 29. Rf1 g5 30. g3 Nh3 31. Qb2 Raa8 32. Rxf7 Rf8 33. Rcf1 Rxf7 34. Rxf7 Qe6 35. Rf1 Qxd6 36. Nd5 Rf8 37. Rxf8+ Qxf8 38. Kg2 g4 39. Nxe5 Nxe5 40. Qxe5+ Kh7 41. Nf6+ Kg6 42. Nxg4 Ng5 43. Qf5+ Qxf5 44. exf5+ Kxf5 45. Nxh6+ Kg6 46. Ng4 Ne4 47. Ne5+ Kg7 48. Nd7 Nd6 49. Nxb6 Nxb5 50. Nd5 Nd6 51. g4 Nf7 52. Kg3 Kh6 53. h4 Kg6 54. Kf4 Nh6 55. h5+ Kg7 56. g5 Nf7 57. Ne3 Nh8 58. Kf5 Nf7 59. Nc4 Nd8 60. h6+ Kg8 61. Ne5 Nb7 62. Kg6 Nd6 63. h7+ Kh8 64. Nf7+ 1-0